000 006260000a22002050004500
999 _c48734
_d48734
001 1575
003 CO-MdFUSB
005 20180410145033.0
008 180410b xxu||||| |||| 00| 0 eng d
020 _a978-958-30-0163-5
040 _cCO-MdBIC
082 0 4 _a863N L84ll
100 1 _aLondon, Jack
245 1 0 _aLa llamada de la selva / Jack London ; traducción Mercedes Guhl Corpas ; ilustraciones Carlos Ardila Mateus
260 _aBogotá : Panamericana Editorial
300 _a144 P.
500 _aTítulo original. The call of the wild
650 1 4 _aNovela estadounidense \ Historias de aventuras
942 _cLGB